Sports Quiz

Random Sports or MLB Quiz

MLB Players with Seven Home Runs Quiz Stats

Quiz not verified by Sporcle

Challenge
Share
Tweet
Embed
Score 0/110 Timer 10:00
0 Plays Today
Year Player % Correct
2011Angel Pagan
100%
2011Jose Reyes
66.7%
2011Marco Scutaro
33.3%
2011Jason Kipnis
33.3%
2011Omar Infante
33.3%
2011Chris Johnson
33.3%
2011Ike Davis
33.3%
2011Orlando Hudson
33.3%
2011Pat Burrell
33.3%
2011Carlos Beltran
33.3%
2011Adam Kennedy
33.3%
2010Jason Varitek
33.3%
2010Brad Hawpe
33.3%
2010Freddy Sanchez
33.3%
2010Dan Johnson
33.3%
2009Scott Podsednik
33.3%
2009Matt LaPorta
33.3%
2007David DeJesus
33.3%
2007Joe Mauer
33.3%
2007Russell Branyan
33.3%
2006Ryan Garko
33.3%
2006Bobby Abreu
33.3%
2011Juan Miranda
0%
2011Josh Reddick
0%
2011Milton Brantley
0%
2011Lonnie Chisenhall
0%
2011Andy Dirks
0%
2011Don Kelly
0%
2011Luke Hughes
0%
2011Scott Hariston
0%
2011Brett Gardner
0%
2011Derek Lee
0%
2011Brandon Wood
0%
2011Kyle Blanks
0%
2011Casper Wells
0%
2011Rafael Furcal
0%
2011Yorvit Torrealba
0%
Year Player % Correct
2011Roger Bernadina
0%
2010Mat Diaz
0%
2010Miguel Tejada
0%
2010Ramon Hernandez
0%
2010Alex Avila
0%
2010Melvin Mora
0%
2010David Valencia
0%
2010Adam Rosales
0%
2010Jeff Clement
0%
2010Delwyn Young
0%
2010Freddy Lopez
0%
2009Willie Harris
0%
2009Ryan Roberts
0%
2009David Ross
0%
2009Roco Baldeli
0%
2009Ryan Theriot
0%
2009Josh Fields
0%
2009Ramon Santiago
0%
2009Clete Thomas
0%
2009Jeff Kippinger
0%
2009Russel Martin
0%
2009Omir Santos
0%
2009Erik Hinske
0%
2009Landon Powell
0%
2009Brandon Moss
0%
2009Kevin Millar
0%
2008Greg Norton
0%
2008Jay Payton
0%
2008Coco Crisp
0%
2008Juan Uribe
0%
2008Todd Helton
0%
2008Ryan Shealy
0%
2008Alexi Casilla
0%
2008Travis Buck
0%
2008Kurt Suzuki
0%
2008Bobby Crosby
0%
2008Edgar Gonzalez
0%
Year Player % Correct
2008Wladimir Balentien
0%
2008Yadier Molina
0%
2008Donnier Navarro
0%
2008Nelson Cruz
0%
2008Austin Kearns
0%
2007Chad Tracy
0%
2007Kelly Shoppach
0%
2007Jason Michaels
0%
2007Ross Gloud
0%
2007Mark Teahan
0%
2007Mark Sweeney
0%
2007Nomar Garciaparra
0%
2007Gabe Gross
0%
2007Lastings Millidge
0%
2007Shelly Duncan
0%
2007Terrmel Sledge
0%
2007Ben Broussard
0%
2006Ryan Langerhans
0%
2006Aaron Boone
0%
2006Mark Grudzielanek
0%
2006Dallas McPhearson
0%
2006Matt Kemp
0%
2006Marlon Anderson
0%
2006Rondell White
0%
2006Melky Cabrera
0%
2006Andy Philips
0%
2006Mark Kotsay
0%
2006Chris Coste
0%
2006Nate McClouth
0%
2006Gerald Laird
0%
2006Frank Catalanotto
0%
2006Jose Vidro
0%
2005Mark Bellhorn
0%
2005John Olerud
0%
2005Jason Dubois
0%
2005Matt Murton
0%

You're not logged in!

Compare scores with friends on all Sporcle quizzes.
Join for Free
OR
Log In

You Might Also Like...

Show Comments

Extras

Top Quizzes Today


Score Distribution

Your Account Isn't Verified!

In order to create a playlist on Sporcle, you need to verify the email address you used during registration. Go to your Sporcle Settings to finish the process.

Report this User

Report this user for behavior that violates our Community Guidelines.

Details: